LEADER 00867nam a2200205 i 4500 001 000000143495 003 CaOOAMICUS 005 20051005000000.0 008 051005s1917 it u000 u ita u 013 $a118853 040 $aSeMil$bita 245 13$aLa scuola del lavoro ; Unitą di programma ; Il metodo Montessori ; La scuola popolare. 300 $aIV, 390 p. ;$c24 cm. 500 $aContiene : Bibliografia. 650 4$aPedagogia.$0(OLS)http://semarc/subject/1060 700 1 $aFranzoni, Andrea.$0(OLS)http://semarc/name/6608 773 0 $aFranzoni, Andrea$tAttualitą Pedagogiche.$d[S.l. : s.n.], 1917$gVolume1$w()14345 850 $aSeMil 852 $aSeMil$W1$xVenegono$y1$m2R IV 28$j96575$B96575$CSeMilBibl$Z2$F103853 $81 996 $6245$aLa scuola del lavoro ; Unitą di programma ; Il metodo Montessori ; La scuola popolare$9(OLS)http://semarc/title/209996 LEADER 01738nam a2200325 i 4500 001 000000181852 003 CaOOAMICUS 005 20090923000000.0 008 090923s1982 be u000 u mul u 013 $a159770 020 $a978-2-503-00873-8 040 $aSeMil$bita 245 10$aSancti Aurelii Augustini Contra arrianos opera :$bSermo arrianorum anonymus, Contra sermonem arrianorum, Conlatio cum Maximino, Contra Maximinum libri duo /$ccura et studio Pierre-Marie Hombert. 260 $aTurnholti :$bTypographi Brepols Editores Pontificii,$c1982. 300 $a800 p., [2] c. di tav. ripieg. ;$c26 cm. 490 0 $aCorpus Christianorum. Series Latina ;$v87.A 700 1 $aHombert, Pierre-Marie <1953- >.$0(OLS)http://semarc/name/90647 700 0 $aAugustinus, Aurelius,$c.$0(OLS)http://semarc/name/498 773 0 $tScripta arriana latina.$dTurnholti : Typographi Brepols Editores Pontificii, 1982.$kCorpus Christianorum. Series Latina$g2$w()6575 830 0$aCorpus Christianorum. Series Latina ;$v87.A.$0(OLS)http://semarc/title/37 850 $aSeMil 852 $aSeMil$W1$xVenegono$y1$mSL2.J I 87/A$j132556$B132556$CSeMilBibl$Z2$F144398 $8I 900 1 $aAgostino : d'Ippona. 900 1 $aSant'Agostino. 961 $aSottoscrizione: Brepols 996 $6020$a978-2-503-00873-8$9(OLS)http://semarc/number/171374 996 $6245$aSancti Aurelii Augustini Contra arrianos opera :$bSermo arrianorum anonymus, Contra sermonem arrianorum, Conlatio cum Maximino, Contra Maximinum libri duo$9(OLS)http://semarc/title/260957 996 $6260$aTurnholti :$bTypographi Brepols Editores Pontificii$9(OLS)http://semarc/publisher/30220